Bilecik Bilecik Bilecik Bilecik Bilecik

II. Makina tasarım ve imalat teknolojileri kongresi : (Record no. 16460)

MARC details
000 -BAŞLIK
Sabit Uzunluktaki Kontrol Alanı 01410nam a22004217a 4500
001 - KONTROL NUMARASI
Control Dosyası 0016498
003 - KONTROL NUMARASI KİMLİĞİ
Kontrol Alanı KOHA_MİRAKIL
005 - EN SON İŞLEM TARİHİ ve ZAMANI
Kontrol Alanı 20260207002105.0
007 - FİZİKSEL TANIM SABİT ALAN - GENEL BİLGİ
Sabit uzunluklu kontrol alanı ta
008 - SABİT UZUNLUKTAKİ VERİ ÖGELERİ - GENEL BİLGİ
Sabit Alan 100419b2003 tu |||grt|||#0|||0|tur |
020 ## - ISBN - ULUSLARARASI STANDART KİTAP NUMARASI
Isbn 9753956215
Kullanılabilirlik koşulları 0,01
040 ## - KATALOGLAMA KAYNAĞI
Özgün Kataloglama Kurumu TR-BiSEU
Kataloglama Dili tur
Çeviri Kurumu TR-BiSEU
Açıklama Kuralları rda
041 0# - DİL KODU
Metin ya da ses kaydının dil kodu tur
044 ## - YAYINLAYAN/ÜRETEN KURULUŞUN ÜLKE KODU
ISO country code tu
050 ## - SINIFLAMA ve YER NUMARASI
Sınıflama Numarası TJ230
Yer Numarası .M35 2003
111 2# - TOPLANTI ADI
Toplantı Adı Makina Tasarım ve İmalat Teknolojileri Kongresi (2. : 2003 : Konya)
9 (RLIN) 38161
245 1# - ESER ADI BİLDİRİMİ
Başlık II. Makina tasarım ve imalat teknolojileri kongresi :
Alt Eseradı vb. bildiriler kitabı/
Sorumluluk Bildirimi editör Mete Kalyoncu.
264 #1 - ÜRERİM, YAYIN, DAĞITIM ve TELİF BİLDİRİMİ
Yayın yeri Konya :
Yayınlayan Makine Mühendisleri Odası
Yayın tarihi 2003
300 ## - FİZİKSEL TANIMLAMA
Sayfa, Cilt vb. XIII, 397 sayfa: resimli; 28 cm.
336 ## - İÇERİK TÜRÜ
Content type term metin
Content type code txt
Source rdacontent
337 ## - MEDYA TÜRÜ
Media type term aracısız
Media type code n
Source rdamedia
338 ## - TAŞIYICI TÜRÜ
Carrier type term cilt
Carrier type code nc
Source rdacarrier
490 1# - DİZİ BİLDİRİMİ
Dizi Bildirimi Makine Mühendisleri Odası yayın ;
Cilt Numarası no.
490 1# - DİZİ BİLDİRİMİ
Dizi Bildirimi E/2003/327
500 ## - GENEL NOT
Genel Not Kaynakça var.
650 #0 - KONU BAŞLIĞI EK GİRİŞ - KONU TERİMİ
Konusal terim veya coğrafi ad Machine design.
9 (RLIN) 2047
650 #0 - KONU BAŞLIĞI EK GİRİŞ - KONU TERİMİ
Konusal terim veya coğrafi ad Machine design--Congresses.
9 (RLIN) 37982
650 #0 - KONU BAŞLIĞI EK GİRİŞ - KONU TERİMİ
Konusal terim veya coğrafi ad Makina tasarımı.
9 (RLIN) 38162
650 #0 - KONU BAŞLIĞI EK GİRİŞ - KONU TERİMİ
Konusal terim veya coğrafi ad Makina tasarımı--Kongreler.
9 (RLIN) 38163
650 #0 - KONU BAŞLIĞI EK GİRİŞ - KONU TERİMİ
Konusal terim veya coğrafi ad Machine design.
9 (RLIN) 2047
650 #0 - KONU BAŞLIĞI EK GİRİŞ - KONU TERİMİ
Konusal terim veya coğrafi ad Machine design--Congresses.
9 (RLIN) 37982
650 #0 - KONU BAŞLIĞI EK GİRİŞ - KONU TERİMİ
Konusal terim veya coğrafi ad Machine design.
9 (RLIN) 2047
650 #0 - KONU BAŞLIĞI EK GİRİŞ - KONU TERİMİ
Konusal terim veya coğrafi ad Mechanical design--Congresses.
9 (RLIN) 38164
830 1# - SERİ EK GİRİŞİ - TEKBİÇİM ESER ADI
Tekbiçim Başlık Makine Mühendisleri Odası yayın ;
Volume number/sequential designation no.
9 (RLIN) 38165
830 1# - SERİ EK GİRİŞİ - TEKBİÇİM ESER ADI
Tekbiçim Başlık E/2003/327
9 (RLIN) 38166
907 ## - LOCAL DATA ELEMENT G, LDG (RLIN)
a Bildiri
942 ## - EK GİRİŞ ÖGELERİ (KOHA)
Source of classification or shelving scheme Library of Congress Classification
Koha item type Book
Holdings
Materyal Türü Kalıcı Konum Mevcut Konum Raf Yeri Sınıflandırma Kaynağı Edinim Bilgisi Ana Konular Alt Konular Yer Numarası Demirbaş Numarası Fatura Tarihi Geri Çekilme Durumu Kayıp Durumu Hasarlı Durumu Kredi için değil Kayıt Tarih Toplam Ödünçverme Son Görülme Tarihi Son Kontrol Tarihi Genel / Bağış Notu
Book Prof. Dr. Azmi Özcan Kütüphanesi Prof. Dr. Azmi Özcan Kütüphanesi Birûni Salonu Library of Congress Classification Bağış TEKNOLOJİ Makine Mühendisliği ve Makineler TJ230 .M35 2003 0016498 13/08/2010         19/04/2010 1 05/12/2024 05/12/2024 Makina Mühendisler Odası Bilecik İl Temsilciliği